LEADER 00717nas a2200169 i 4500 001 000000002864 003 CaOOAMICUS 005 20180830125436.0 008 180830n it uu u0 0ita r 040 $aSeMil$bita 245 10$aRivista internazionale di filosofia politica e sociale e di diritto comparato. 260 $aGenova :$b[s.n.] 500 $aConsistenza: 1. (1969 nuova serie) - 7. (1975 gennaio-agosto). 700 1 $aSocietà italiana di Sociologia.$0(OLS)http://semarc/name/2264 774 0 $tTitolo mancante.$w()133314 996 $6245$aRivista internazionale di filosofia politica e sociale e di diritto comparato$9(OLS)http://semarc/title/4841 996 $6260$aGenova :$b[s.n.]$9(OLS)http://semarc/publisher/30558 LEADER 01349nam a2200265 i 4500 001 000000047985 003 CaOOAMICUS 005 20220405140757.0 008 121112s1804 au u000 u lat u 013 $a19155 026 $ai-am a.i* s&m, Lean (3) 1804 (A) - [*= ae] 040 $aSeMil$bita 100 1 $aKlüpfel, Engelbert,$d<1733-1811>.$0(OLS)http://semarc/name/5838 245 10$aInstitutiones theologiae dogmaticae Cl. Engelberti Klüpfel, augustiniani ... Ad usum privatum ss. theologiae candidatorum in compendium redactae a Cajetano Geist, .. 260 $aViennae :$bapud I. G. Binz,$c1804. 300 $aXX, 243, [1] p. ;$c8°. 500 $aSegn.: A-P8 Q2 650 4$aTeologia dogmatica - Manuali.$0(OLS)http://semarc/subject/4 700 1 $aGeist, Kajetan,$d.$0(OLS)http://semarc/name/23823 710 0 $aBinz, Johann Georg .$0(OLS)http://semarc/name/23824 850 $aSeMil 852 $aSeMil$W1$xVenegono$y1$m2D II 61 FA$j14140$B14140$CSeMilBibl$Z2$F14140 $8I 996 $6245$aInstitutiones theologiae dogmaticae Cl. Engelberti Klüpfel, augustiniani ... Ad usum privatum ss. theologiae candidatorum in compendium redactae a Cajetano Geist, ..$9(OLS)http://semarc/title/72479 996 $6260$aViennae :$bapud I. G. Binz$9(OLS)http://semarc/publisher/40980